• 首页
  • 本馆介绍
  • 公告通知
  • 最新文献
  • 馆藏检索
  • 电子资源
  • 读者导购
  • 参考咨询
  • 我的图书馆
  • 登录
  • 详细信息显示
  • 放入我的书架
  • 随书关联资源信息
  • 预约/预借图书
  • 作者相关作品
  • 分类相关作品
  • 丛书相关作品
  • 出版社相关作品

书目信息

  • 表格格式
  • 工作单格式
  • 卡片格式
题名:
大学英语四级考试(CET-4)试点考试样卷
    
 
作者: ;全国大学英语四、六级考试改革项目组 , 全国大学英语四、六级考试委员会 编
分册:  
出版信息: 上海   上海外语教育出版社  2005
页数: 35页
开本: 26cm
丛书名:
单 册:
中图分类: H310.42
科图分类:
主题词: 英语--高等学校--水平考试--习题
电子资源:
ISBN: 7-81095-835-6
000 01332nam0 2200301 450
000 01295nam0 2200289 450
000 01261nam0 2200289 450
000 01207nam0 2200265 450
000 01281nam0 2200253 450
000 01244nam0 2200241 45
001 TS2006036060
005 20061228151712.34
010    @a7-81095-835-6@dCNY12.00
100    @a20060829d2005 em y0chiy0120 ea
101 0  @achi
102    @aCN@b310000
105    @ay q 000yy
200 1  @a大学英语四级考试(CET-4)试点考试样卷@ADa Xue Ying Yu Si Ji Kao Shi (CET-4) Shi Dian Kao Shi Yang Juan@f全国大学英语四、六级考试改革项目组, 全国大学英语四、六级考试委员会编@FQuan Guo Da Xue Ying Yu Si、 Liu Ji Kao Shi Gai Ge Xiang Mu Zu , Quan Guo Da Xue Ying Yu Si、 Liu Ji Kao Shi Wei Yuan Hui Bian
210    @a上海@c上海外语教育出版社@d2005
215    @a35页@d26cm@e光盘一片
606 0  @a英语@x高等学校@x水平考试@x习题
690    @aH310.42@v4
711 02 @a全国大学英语四、六级考试改革项目组@AQuan Guo Da Xue Ying Yu Si、 Liu Ji Kao Shi Gai Ge Xiang Mu Zu@4编
711 02 @a全国大学英语四、六级考试委员会@AQuan Guo Da Xue Ying Yu Si、 Liu Ji Kao Shi Wei Yuan Hui@4编
801  0 @aCN@b中图数据@c20061228
905    @a10447@dH310.42@e1000
    
    大学英语四级考试(CET-4)试点考试样卷/全国大学英语四、六级考试改革项目组, 全国大学英语四、六级考试委员会编.-上海:上海外语教育出版社,2005
    35页;26cm+光盘一片
    
    
    ISBN 7-81095-835-6:CNY12.00
    
●
相关链接 在E读中查询图书 在五车中查询图书 在当当中查询图书 在豆瓣中查询图书


正题名:大学英语四级考试(CET-4)试点考试样卷     索取号:H310.42/1000         预约/预借

序号 登录号 条形码 馆藏地/架位号 状态 备注
1 0619365   206193652   第二样本阅览室/ [索取号:H310.42/1000] 在馆    
2 0619366   206193661   第四借阅区/ [索取号:H310.42/1000] 在馆    
3 0619367   206193670   第四借阅区/ [索取号:H310.42/1000] 在馆    
4 0619368   206193689   第四借阅区/ [索取号:H310.42/1000] 在馆    
5 0619369   206193698   第四借阅区/ [索取号:H310.42/1000] 在馆    
6 0619370   206193705   第四借阅区/ [索取号:H310.42/1000] 在馆    
7 0619371   206193714   第四借阅区/ [索取号:H310.42/1000] 在馆    
8 0619372   206193723   第四借阅区/ [索取号:H310.42/1000] 在馆    
9 0619373   206193732   第四借阅区/ [索取号:H310.42/1000] 在馆    
10 0619374   206193741   第四借阅区/ [索取号:H310.42/1000] 在馆    

本书有关联资源:

1 .光盘  /ISO  :大学英语四级考试(CET-4)试点考试样卷 / 下载
唐山师范学院图书馆 欢迎您!
大连网信软件有限公司© 版权所有